000 00698cam a22002291 4500
001 sa 68018731
003 DLC
005 20260227112714.0
008 770325s1966 io 000 0 ind
010 _asa 68018731
035 _a(OCoLC)2834160
040 _aDLC
_cOAU
_dDLC
042 _apremarc
050 0 0 _aRC952
_b.S17
100 1 _aSastroamidjojo, A. Seno,
_cRaden,
_d1893-
245 1 0 _aMasalah masa tua dan ilmu penjakit di masa tua.
_bGerontologia dan geriatria.
_cOleh A. Seno Sastroamidjojo.
260 _aDjakarta,
_bP.N. Balai Pustaka,
_c1966.
300 _a188 p.
_c21 cm.
504 _aBibliography: p. 173-177.
650 0 _aGeriatrics.
740 0 _aGerontologia dan geriatria.
999 _c88610
_d88610